00643nam a2200193 i 450000100060000000300090000600500170001500700030003200800410003510000280007624500720010425000150017626000430019130000220023470000220025685200320027899900170031095201220032757975ES-MaACL20230906163708.0t|031020s1970 sp ||||1| spa d1 aDourado, Autran.94550813aLa barca de los hombres / cAutran Dourado ; [versión B. Losada]. a[1ª ed.]. aBarcelona : bLuis de Caralt, c[1970] a280 p. ; c21 cm.1 aLosada, B.974250 aES-MaACLjC-39628 bR.75527 c57975d57975 00104070aATENEOMbATENEOMcDEPO2d2008-01-17eSCl0oC-39628p1060847r2023-02-23 00:00:00w2023-02-23yMONOGRAFIA